Primer of Ecological Theory /

Gespeichert in:
Bibliographische Detailangaben
1. Verfasser: Rougharden, Jonathan (Verfasst von)
Format: Buch
Sprache:Englisch
Veröffentlicht: Upper Saddle River : Prentice Hall, 1997
Ausgabe:1. Edition
Tags: Tag hinzufügen
Keine Tags, Fügen Sie das erste Tag hinzu!

MARC

LEADER 00000nam a22000003a 4500
001 stu33015
005 20150617225732.8
008 971202s1997----xxu-----------------eng-d
020 |a 0-13-442062-4 
040 |a STU  |b slo 
041 0 |a eng 
044 |a xxu 
080 |a 504 
100 1 |a Rougharden, Jonathan  |4 aut 
245 1 |a Primer of Ecological Theory /  |c [aut.] Rougharden,Jonathan 
250 |a 1. Edition 
260 |a Upper Saddle River :  |b Prentice Hall,  |c 1997 
300 |a 456 s 
996 |b J93276  |c J*93276  |l JJK5  |s P  |a 0  |w stu33015_0001